ELECTRICITY - 2 ,DEVICES CIRCUITS AND MATERIALS (Record no. 571476)
[ view plain ]
| 000 -LEADER | |
|---|---|
| fixed length control field | 00412nam a22001457a 4500 |
| 020 ## - INTERNATIONAL STANDARD BOOK NUMBER | |
| International Standard Book Number | 0-8273-2532-0 |
| 082 ## - DEWEY DECIMAL CLASSIFICATION NUMBER | |
| Classification number | 621.31 KUB'E |
| 100 ## - MAIN ENTRY--PERSONAL NAME | |
| Personal name | KUBALA, THOMAS S |
| 9 (RLIN) | 62341 |
| 245 ## - TITLE STATEMENT | |
| Title | ELECTRICITY - 2 ,DEVICES CIRCUITS AND MATERIALS |
| 250 ## - EDITION STATEMENT | |
| Edition statement | 4TH |
| 260 ## - PUBLICATION, DISTRIBUTION, ETC. | |
| Place of publication, distribution, etc. | NEWYORK |
| Name of publisher, distributor, etc. | DELMAR PUBLISHER |
| Date of publication, distribution, etc. | 1986 |
| 300 ## - PHYSICAL DESCRIPTION | |
| Extent | 126P |
| 650 ## - SUBJECT ADDED ENTRY--TOPICAL TERM | |
| Topical term or geographic name entry element | ELECTRIC ENGINEERING ELECTRIC CIRCUITS - ALTERNATING CURRENT |
| 9 (RLIN) | 62342 |
| 942 ## - ADDED ENTRY ELEMENTS (KOHA) | |
| Koha item type | Book |
| Withdrawn status | Lost status | Damaged status | Not for loan | Permanent Location | Current Location | Shelving location | Date acquired | Total Checkouts | Full call number | Barcode | Date last seen | Price effective from | Koha item type |
|---|---|---|---|---|---|---|---|---|---|---|---|---|---|
| College of Electrical & Mechanical Engineering (CEME) | College of Electrical & Mechanical Engineering (CEME) | General Stacks | 07/24/2017 | 621.31 KUB'E | CEME-25950 | 06/28/2021 | 06/28/2021 | Book |
